Escudos de fútbol por letra - B - Estadísticas

Estadísticas generales
  • Esta prueba ha sido intentada 1.162 veces
  • La puntuación promedio es 11 de 12
Estadísticas de respuestas
Imagen Respuesta % Correcto
Bayern Munich
99%
Boca Juniors
97%
Benfica
95%
FC Barcelona
95%
Bayer Leverkusen
94%
Bélgica
93%
Brasil
93%
Borussia Dortmund
90%
Bolonia
86%
Beşiktaş
80%
Brighton & Hove Albion
80%
Borussia Mönchengladbach
67%
No se encontraron pruebas coincidentes
Distribución de puntuación
Porcentaje de gente con cada puntuación
Porcentaje por número respondido
Historial de tus puntuaciones
No has intentado esta prueba.